000
00341nam a22001457a 4500
008
230412b ||||| |||| 00| 0 eng d
020
_a
9781305114104
041
_a
eng
080
_2
SECOND EDITION
_a
37
082
_a
37
100
_a
22
101
_a
EDUKIM
245
_a
FUSION INTERGRATED READING AND WRITING
_c
KEMPER
942
_2
udc
_c
BK
999
_c
59519
_d
59519